| 000 | 00912cad a22002175a 4500 | ||
|---|---|---|---|
| 001 | E151679 | ||
| 008 | 101130e20101129xxkb f s000 0 eng d | ||
| 035 | _a(Sirsi) u151679 | ||
| 041 | 0 | _aeng | |
| 100 | 1 | _aRehfisch, Alan | |
| 245 | 0 | 0 |
_aGreen belt policy in Scotland _h[electronic resource] |
| 260 |
_aEdinburgh _bScottish Parliament _c2010 |
||
| 490 | 0 |
_aSPICe Briefing _v(10/85) 29 November 2010 |
|
| 520 | _aGives background information on Scotland's Green Belts and the current policies relating to them. Discusses the application of this policy at a local level, using the Edinburgh Green Belt as a case study. | ||
| 521 | _aAdvanced | ||
| 590 | _aKA | ||
| 651 | 4 |
_aScotland _y1999- |
|
| 690 |
_aPlanning and development _96259 |
||
| 856 | 4 | 0 |
_uhttps://www.scottish.parliament.uk/business/research/briefings-10/SB10-85.pdf _zView the briefing free of charge at www.scottish.parliament.uk |
| 942 | _n0 | ||
| 999 |
_c111532 _d111532 |
||